| 000 | 00681nam a2200205Ia 4500 | ||
|---|---|---|---|
| 003 | GCL | ||
| 008 | 140319s9999 xx 000 0 ara d | ||
| 040 |
_aGCL / _cGCL |
||
| 082 | 0 | 4 |
_a810.8 _bهـ م |
| 100 | 1 | _aهيثم على حجازى | |
| 245 | 1 | 0 |
_aمن روائع الادب العربى : _bمختارات من الشعر والنثر / _cهيثم على حجازى |
| 260 |
_aالقاهرة : _bالاهلية للنشر والتوزيع ، _c1988 |
||
| 300 |
_a175 ص ؛ _c25 سم |
||
| 490 | _a | ||
| 650 | 0 | 4 | _aالشعر العربى |
| 650 | 0 | 4 | _aالادب العربى |
| 650 | 0 | 4 | _aالنثر العربى |
| 650 | 0 | 4 | _aالمجموعات |
| 942 |
_2ddc _cBK |
||
| 999 |
_c44263 _d44263 |
||